| 000 | 00610nam a2200241Ia 4500 | ||
|---|---|---|---|
| 003 | OSt | ||
| 005 | 20220924144433.0 | ||
| 006 | a|||||r|||| 00| 0 | ||
| 007 | ta | ||
| 008 | 220923b |||||||| |||| 00| 0 urd d | ||
| 020 | _c24.00 | ||
| 024 | _a314374 | ||
| 037 | _cTextual | ||
| 040 |
_aARTS _cARTS _burd |
||
| 041 |
_2urd _aurd |
||
| 082 | _aO168,1N139w, M8 | ||
| 100 |
_aSabri Mohammad Imdad _9217624 |
||
| 245 | 0 | _aTazkirah rahat Malai | |
| 260 | _c1988 | ||
| 650 | _aURDU POETRY | ||
| 942 |
_hO168,1N139w, M8 _cTEXL _2CC |
||
| 999 |
_c457039 _d457039 |
||